000
00239nmm a2200085Ia 4500
008
220120s9999||||xx |||||||||||||||||und||
100
_a
PC QUEST
_9
10676
245
0
_a
Linux to the rescue; 20 best of breed smartphone management
260
_c
2013
999
_c
139873
_d
139873